00911nam a2200253 i 4500001001000000003000900010005001700019007000300036008004100039020001500080040003000095041000800125082003300133100005600166240004500222245007100267264004200338300002800380336002700408337003300435338002800468533010900496600005200605000017941DO-SdBNP20241030134205.0ta100407t1999 dr 000 0bspa d a8460586529 aDO-SdBNPbspacBNPHUerda aspa 4a923.17293053bT866o 19992221 aOrnes Coiscou, Germán E.,d1919-1998eautor4aut.10aTrujillo : little Cesar of the Caribbean10aTrujillo :bpequeño César del Caribe /cGermán Emilio Ornes. 4aSanto Domingo :bEditora Cole,c1999. a471 páginas ;c21 cm. atextobtxt2rdacontent asin mediaciónbn2rdamedia avolumenbnc2rdacarrier aFacsímil :bCaracas, Venezuela :cLas novedades,d[1958]nTraducido del inglés por Alejandro Vallejo14aTrujillo Molina, Rafael Leónidas,d 1891-1961